000 01912nam a2200349 4500
001 331
003 OSt
005 20250528074018.0
008 250327b |||||||j |||| 00| 1 eng d
020 _a9788539513253
040 _bPor
041 _heng
_apor
082 _a028.5
_bS879c
100 _aStone, Rex
_9494
240 _aDinosaur Cove: Filght of the Winged Serpent
245 _aA Caverna dos Dinossauros
_bO voo da serpente alada /
_cStone, Rex ; tradução de Barbara Sampaio Vieira Duarte e ilustração de Mike Spoor
260 _aSão Paulo
_bFundamento
_c2015
300 _a56 p.
_bil.
490 1 _aA Caverna dos Dinossauros
_vLivro 4
520 _aDurante a construção de uma maquete para o novo Museu dos Dinossauros, Jamie descobre um fato raro. O pai dele, um grande especialista em dinossauros, tem uma dúvida sobre um animal pré-histórico! E Jamie sabe exatamente onde encontrar a resposta para essa dúvida. Assim, ele e Tom, seu amigo, partem para o Mundo dos Dinossauros. A missão dos dois é encontrar o quetzalcoatlus, um imenso dinossauro alado, e descobrir onde essa espécie de nome bem complicado constrói seus ninhos. Com a ajuda do Descobridor de Fósseis, eles logo encontram o dino voador. Mas nada é tão simples no Mundo dos Dinossauros... O quetzalcoatlus captura Wanna, o dinossauro amigo dos garotos, e o leva para o ninho cheio de filhotes. Será que Wanna vai virar refeição de pequenas serpentes aladas? Bem, só lendo para saber...
650 0 _aLiteratura Americana
_984
650 0 _aInfantojuvenil
_9200
650 0 _aDinossauros
_9495
650 0 _aAventura
_947
650 0 _aGrandes Amizades
_928
655 0 _aRomance
_923
655 0 _aFicção
_922
700 _aBarbara Sampaio Vieira Duarte
_eTRADUTORA
_9496
700 _aMike Spoor
_eIlustrador
_9497
830 _aA Caverna dos Dinossauros
_vLivro 4
_9498
942 _2ddc
_n0
_cBK
999 _c331
_d331